Logo BPK

Biblioteka

Politechniki Koszalińskiej

Modern digital and analog communication systems : (Rekord nr 31380)

Szczegóły MARC
000 -ETYKIETA REKORDU
podpole kontrolne o stałej długości 00768nam a2200253 i 4500
001 - NUMER KONTROLNY REKORDU
pole kontrolne bg
020 ## - MIĘDZYNARODOWY ZNORMALIZOWANY NUMER KSIĄŻKI - ISBN
ISBN 0030309921
040 ## - ŹRÓDŁO KATALOGOWANIA
Instytucja, która utworzyła rekord BPK
041 0# - KOD JĘZYKA
Kod języka tekstu en
080 ## - UNIWERSALNA KLASYFIKACJA DZIESIĘTNA - UKD
UKD 681.32+681.33:621.391
920 ## - Międzynarodowy znormalizowany numer książki – ISBN
ISBN 0-03-030992-1
008 - POLE O STAŁEJ DŁUGOŚCI - DANE KONTROLNE
podpole kontrolne o stałej długości s pl f |000 0 pol
100 1# - NAZWA OSOBOWA
Nazwa osobowa DAO, Phong Vu
245 10 - TYTUŁ/ODPOWIEDZIALNOŚĆ
Tytuł Modern digital and analog communication systems :
Ciąg dalszy tytułu solutions manual for LATHI /
Pozostałe elementy strefy tytułu i oznaczenia odpowiedzialności prep. by Phong Vu Dao, Yuzon Hao, Borong Wang.
260 ## - STREFA ADRESU WYDAWNICZEGO
Miejsce wydania Philadelphia [et al.] :
Nazwa wydawcy/dystrybutora Saunders College Publ.,
Data publikacji, dystrybucji/powstania dokumentu cop. 1989.
300 ## - STREFA OPISU FIZYCZNEGO
Objętość rys., wykr. :
Inne cechy fizyczne 30 cm.
650 #9 - HASŁO PRZEDMIOTOWE W FORMIE NAZWY OGÓLNEJ LUB JEDNOSTKOWEJ
Nazwa ogólna lub geograficzna Telekomunikacja
Określnik ogólny teoria
650 #9 - HASŁO PRZEDMIOTOWE W FORMIE NAZWY OGÓLNEJ LUB JEDNOSTKOWEJ
Nazwa ogólna lub geograficzna Teoria systemów
650 #9 - HASŁO PRZEDMIOTOWE W FORMIE NAZWY OGÓLNEJ LUB JEDNOSTKOWEJ
Nazwa ogólna lub geograficzna Teoria sygnałów
650 #9 - HASŁO PRZEDMIOTOWE W FORMIE NAZWY OGÓLNEJ LUB JEDNOSTKOWEJ
Nazwa ogólna lub geograficzna Układy cyfrowe
Określnik ogólny teoria
700 1# - HASŁO DODATKOWE - NAZWA OSOBOWA
Nazwa osobowa HAO, Yuzon
700 1# - HASŁO DODATKOWE - NAZWA OSOBOWA
Nazwa osobowa WANG, Borong
856 ## - LOKALIZACJA I DOSTĘP DO ELEKTRONICZNYCH DOKUMENTÓW ZDALNYCH
Link (URL) http://koha.tu.koszalin.pl/cgi-bin/koha/opac-detail.pl?biblionumber=31380
Tekst linku Katalog online BPK
942 ## - DODATKOWE ELEMENTY (KOHA)
Typ dokumentu Książka
Egzemplarze
Wycofany Status egzemplarza Uszkodzony Dostępność Lokalizacja stała Lokalizacja bieżąca Miejsce przechowywania Sygnatura Kod kreskowy Typ dokumentu
      Dostępny Biblioteka Politechniki Koszalińskiej Biblioteka Politechniki Koszalińskiej Wypożyczalnia BG 38716 01219036 Książka
© 2023 Biblioteka Politechniki Koszalińskiej :: KOHA